Statistics for Almost there lyrics from Princess and the frog

Click here to take the quiz!

General Stats

  • This quiz has been taken 196 times
  • The average score is 134 of 184

Answer Stats

Answer% Correct
a
100%
I
99%
the
99%
almost
94%
I'm
93%
there
93%
and
91%
to
91%
do
89%
me
87%
people
86%
every
85%
have
84%
for
83%
got
83%
my
83%
time
83%
you
83%
don't
82%
just
82%
wait
82%
day
81%
ain't
80%
gonna
80%
not
78%
that's
78%
way
78%
while
78%
around
77%
it
77%
messing
77%
Mama
76%
dancing
75%
down
75%
style
72%
but
71%
can
71%
where
70%
going
69%
here
69%
crazy
68%
this
67%
closer
66%
easy
66%
know
66%
taking
66%
care
65%
slow
65%
town
65%
trials
65%
think
64%
daddy
63%
exactly
63%
old
63%
tribulations
63%
come
62%
getting
62%
had
62%
it's
62%
share
62%
I've
61%
told
59%
cause
57%
stop
57%
now
55%
remember
54%
fairytales
53%
nothing
53%
true
52%
work
52%
all
51%
each
50%
on
50%
hard
49%
real
47%
so
47%
make
46%
happen
45%
depends
44%
gotta
39%
look
39%
boys
38%
coming
37%
are
36%
through
36%
out
35%
from
34%
sure
33%
what
33%
things
32%
everywhere
31%
doing
29%
can't
28%
river
26%
climbed
25%
em
25%
mountain
25%
crossed
24%
There's
23%
been
22%

Score Distribution

Percentile by Number Answered

Percent of People with Each Score

Your Score History

You have not taken this quiz